000 00802nam a22002057a 4500
001 2162214035923944
003 UA-OsUOA
005 20230801113859.0
008 230801b un ||||| |||| 00| 0 ukr d
040 _aUA-OsUOA
_bukr
_cUA-OsUOA
_dUA-OsUOA
041 _aukr
080 _a050:271
090 _a050:271
245 _aУкраїнська Православна Нива
_b1959: 5(77); 8-9(80-81); 11-12(83-84); 1960: 4(88) (2 прим.); 9(93); 1961: 1-2(97-98) (3 прим.); 4(100); 7-8(103-104); 9-10(105-106); 11-12(107-108) 1962: 1-2(109-110); 8-9(116-117); 10(118);
246 _aЛисток
246 _aПравославна Нива
260 _aКуритіба
_c1954-1974
650 _2UDC
_a050 Серіальні видання. Періодика
942 _2udc
_cMG
999 _c574749
_d574749